| 000 | 00503nam a22001817a 4500 | ||
|---|---|---|---|
| 005 | 20240215105939.0 | ||
| 010 | _aENG-139269 | ||
| 020 |
_a9788170175193 _c390.00 |
||
| 035 | _aEN-122801 | ||
| 037 | _bDBAD/PUB | ||
| 082 | _a881 | ||
| 100 |
_aRahman,Sarvat _962093 |
||
| 245 |
_aFaiz Ahmed Faiz: _cSarvat Rahman |
||
| 260 |
_aNew Delhi _bAbhinav Publications _c2011 |
||
| 270 |
_aE-37 ,hauz khas _bNew Delhi _e110016 |
||
| 300 |
_a116 p. _c23cm(pbk) |
||
| 942 |
_2ddc _cEN _h881 _mRAH |
||
| 999 |
_c200751 _d200751 |
||